000 00636nam a2200265Ia 4500
005 20260306163850.0
008 008 260114s9999 xx 000 0 eng d
020 _a9780748671021
037 _aEBOOK
040 _aCRL
040 _beng
040 _cCRL
041 _2eng
041 _aeng
084 _qCRL
100 _aRailton, Watson
_91129531
245 0 _aMusic Video And The Politics Of Representation
260 _bEdinburgh University Press
260 _c2012
650 _aSocial Work
856 _uhttps://academic.oup.com/book/17800
942 _cEBOOK
999 _c1711801
_d1711801